000 00474nam a2200157 4500
001 137052
003 ES-MaACL
005 20230906195310.0
007 t|
008 070214s1914 sp r ||||1| spa d
100 1 _aSainz, Antonio.
_9101566
245 1 0 _aOropesa, Gredos, Tormes, Toledo
_b: monografía histórico-fotográfica /
_cAntonio Sainz.
260 _aToledo :
_bRodríguez y Hermanos,
_c1914.
300 _a109 p. :
_bil. ;
_c25 cm.
852 _aES-MaACL
_jC-3140
999 _c137052
_d137052